Statistics for English Premier League 100 Goals Club

Click here to take the quiz!

General Stats

  • This quiz has been taken 366 times
    (45 since last reset)
  • The average score is 23 of 34

Answer Stats

GoalsClubsAnswer% Correct
260Blackburn / NewcastleAlan Shearer
97%
213TottenhamHarry Kane
97%
175ArsenalThierry Henry
97%
208Everton / Man UnitedWayne Rooney
97%
184Man CitySergio Aguero
95%
177West Ham / Chelsea / Man CityFrank Lampard
92%
136LeicesterJamie Vardy
92%
154Chelsea / LiverpoolMohamed Salah
89%
144Arsenal / Man UnitedRobin van Persie
84%
121Liverpool / Man City / ChelseaRaheem Sterling
82%
187Newcastle / Man United / Blackburn / Fulham / Man City / PortsmouthAndrew Cole
76%
116TottenhamSon Heung-min
76%
150Liverpool / Newcastle / Man United / StokeMichael Owen
71%
120LiverpoolSteven Gerrard
71%
123Aston Villa / Man United / Blackburn / Birmingham / SunderlandDwight Yorke
68%
104ChelseaDidier Drogba
66%
162West Ham / Tottenham / Portsmouth / Sunderland / BournemouthJermain Defoe
66%
109Man UnitedRyan Giggs
66%
107Man UnitedPaul Scholes
63%
108Aston Villa / Southampton / Liverpool / Portsmouth /Tottenham / StokePeter Crouch
63%
111Southampton / LiverpoolSadio Mane
63%
146Nottingham Forest / Tottenham / Man United / Portsmouth / West HamTeddy Sheringham
63%
163Liverpool / Leeds / Man City / BlackburnRobbie Fowler
61%
121Chelsea / West Brom / Everton / Man UnitedRomelu Lukaku
61%
149QPR / Newcastle / Tottenham / West Ham / Leicester / BoltonLes Ferdinand
55%
103Man UnitedCristiano Ronaldo
53%
100SouthamptonMatthew Le Tissier
50%
126Coventry / Leeds / Tottenham / Liverpool / West Ham / Aston VillaRobbie Keane
50%
113Arsenal / West HamIan Wright
47%
125Arsenal / Liverpool / Man City / Bolton / Chelsea / West BromNicolas Anelka
47%
106Ipswich / Charlton / Tottenham / Sunderland / Aston Villa / FulhamDarren Bent
45%
110Leicester / Liverpool / Birmingham / Wigan / Aston VillaEmile Heskey
45%
111Man United / Coventry / Aston VillaDion Dublin
39%
127Leeds / Chelsea / Middlesbrough / CharltonJimmy Floyd Hasselbaink
39%

Score Distribution

Percentile by Number Answered

Percent of People with Each Score

Your Score History

You have not taken this quiz since the last reset